| 000 | 00597nam a22001817a 4500 | ||
|---|---|---|---|
| 003 | BD-DhUL | ||
| 005 | 20220620145839.0 | ||
| 008 | 200315s1934 pk ||||| |||| 00| 0 urd d | ||
| 040 |
_aBD-DhUL _cBD-DhUL |
||
| 082 |
_a891.433 _bFIM |
||
| 100 | 3 |
_aفیروز حسن بٹ۔ _q[Firoz Hasan Bat]. |
|
| 245 | 0 |
_aمجمع النوادر / _cخواجہ فیروز حسن بٹ۔ |
|
| 246 | _aMajma'ul Nawādir | ||
| 260 |
_aلاہور : _bشیخ خان محمد اللہ بخش تاجران کتب، _c۱۹۳۴۔ |
||
| 300 |
_aص۔ ۱۲۴ ؛ _c۱۸ سم۔ |
||
| 650 | 4 | _aUrdu fiction. | |
| 942 |
_2ddc _cBK |
||
| 999 |
_c252065 _d252065 |
||